[Event "Benidorm op U2300 17th"]
[Site "Benidorm"]
[Date "2018.12.07"]
[Round "9"]
[White "Amdouni, Zoubaier"]
[Black "Abalia Patino, Aritz"]
[Result "0-1"]
[WhiteElo "2267"]
[BlackElo "2155"]
[PlyCount "106"]
[EventDate "2018.11.30"]
[EventType "swiss"]
[EventRounds "10"]
[EventCountry "ESP"]
[SourceTitle "EXT 2022"]
[Source "ChessBase"]
[SourceDate "2021.10.06"]
[SourceVersion "1"]
[SourceVersionDate "2021.10.06"]
[SourceQuality "1"]

1. e4 c5 2. Nf3 Nc6 3. d4 cxd4 4. Nxd4 g6 5. Nc3 Bg7 6. Be3 Nf6 7. Bc4 Qa5 8. 0-0 0-0 9. Nb3 Qc7 10. f4 d6 11. h3 b6 12. g4 Na5 13. Nxa5 bxa5 14. Qd3 Bb7 15. Ba6 Bc6 16. Nd5 Nxd5 17. exd5 Bd7 18. c3 Rab8 19. Rf2 a4 20. Rc1 Qa5 21. Rcc2 Bb5 22. Bxb5 Rxb5 23. Rfd2 Rc8 24. a3 Rcb8 25. Qe4 R5b7 26. Rf2 Qb5 27. h4 Rc8 28. h5 Qc4 29. Qf3 gxh5 30. gxh5 Bf6 31. Rcd2 Kh8 32. Rg2 Qc7 33. Bd4 Bxd4+ 34. Rxd4 Rbb8 35. f5 Rg8 36. Rdg4 f6 37. Qg3 Qc5+ 38. Kh1 Qxd5 39. Rg7 Qxg2+ 40. Qxg2 Rxg7 41. Qe4 h6 42. Qe3 Kh7 43. Qf2 Rbg8 44. Qxa7 e5 45. Qf2 d5 46. Kh2 Rg5 47. Qe2 Rxf5 48. c4 Rf4 49. Kh3 d4 50. c5 e4 51. Qc4 Rf5 52. Qf7+ Rg7 53. Qe8 Re5 0-1

[Event "Benidorm op U2300 17th"]
[Site "Benidorm"]
[Date "2018.12.06"]
[Round "8"]
[White "Abalia Patino, Aritz"]
[Black "Hernandez Leon, Alberto"]
[Result "1-0"]
[WhiteElo "2155"]
[BlackElo "2239"]
[PlyCount "59"]
[EventDate "2018.11.30"]
[EventType "swiss"]
[EventRounds "10"]
[EventCountry "ESP"]
[SourceTitle "EXT 2022"]
[Source "ChessBase"]
[SourceDate "2021.10.06"]
[SourceVersion "1"]
[SourceVersionDate "2021.10.06"]
[SourceQuality "1"]

1. Nf3 Nf6 2. c4 g6 3. b3 Bg7 4. Bb2 0-0 5. g3 c5 6. Bg2 d5 7. cxd5 Nxd5 8. Bxg7 Kxg7 9. 0-0 Nc6 10. d4 cxd4 11. Nxd4 Nxd4 12. Qxd4+ Nf6 13. Qe5 Kg8 14. Nc3 Nd7 15. Qf4 e6 16. Ne4 e5 17. Qc1 Nb6 18. Qc5 Qd4 19. Qxd4 exd4 20. Nd6 Rd8 21. Nxb7 Bxb7 22. Bxb7 Rab8 23. Ba6 Nd5 24. Rfd1 Nc3 25. Rd2 Rd6 26. Bc4 a5 27. e3 Rbd8 28. Rd3 Ne4 29. exd4 Rxd4 30. Rad1 1-0

[Event "Benidorm op U2300 17th"]
[Site "Benidorm"]
[Date "2018.12.05"]
[Round "7"]
[White "Lornye, Pylyp"]
[Black "Abalia Patino, Aritz"]
[Result "1-0"]
[WhiteElo "2241"]
[BlackElo "2155"]
[PlyCount "91"]
[EventDate "2018.11.30"]
[EventType "swiss"]
[EventRounds "10"]
[EventCountry "ESP"]
[SourceTitle "EXT 2022"]
[Source "ChessBase"]
[SourceDate "2021.10.06"]
[SourceVersion "1"]
[SourceVersionDate "2021.10.06"]
[SourceQuality "1"]

1. Nf3 d5 2. g3 b6 3. Bg2 Bb7 4. 0-0 Nf6 5. d3 g6 6. Nfd2 Qc8 7. e4 dxe4 8. dxe4 Nfd7 9. Nc3 Bg7 10. Nd5 c6 11. Ne3 0-0 12. f4 e5 13. f5 g5 14. Qh5 f6 15. Ndc4 Qc7 16. Rd1 a5 17. h4 h6 18. Ng4 Nc5 19. Qg6 Ba6 20. Nd6 Ra7 21. Nxh6+ Kh8 22. Ndf7+ Rxf7 23. Nxf7+ Qxf7 24. Rd8+ Bf8 25. Qxf7 Rxf7 26. Rxb8 gxh4 27. Bh6 Nd7 28. Rd8 hxg3 29. Rd1 Kh7 30. Bxf8 Nxf8 31. Bf3 Kg7 32. Kg2 Nh7 33. Kxg3 Ng5 34. R1d7 Bc4 35. b3 Rxd7 36. Rxd7+ Bf7 37. Rc7 b5 38. Rxc6 a4 39. Rc7 Kh6 40. Kf2 Be8 41. c4 bxc4 42. bxc4 Bf7 43. a3 Be8 44. Ke3 Nf7 45. c5 Kg7 46. Bh5 1-0

[Event "Benidorm op U2300 17th"]
[Site "Benidorm"]
[Date "2018.12.03"]
[Round "4"]
[White "Rottenwohrer Suarez, Juan"]
[Black "Abalia Patino, Aritz"]
[Result "1/2-1/2"]
[WhiteElo "2213"]
[BlackElo "2155"]
[PlyCount "84"]
[EventDate "2018.11.30"]
[EventType "swiss"]
[EventRounds "10"]
[EventCountry "ESP"]
[SourceTitle "EXT 2022"]
[Source "ChessBase"]
[SourceDate "2021.10.06"]
[SourceVersion "1"]
[SourceVersionDate "2021.10.06"]
[SourceQuality "1"]

1. d4 d5 2. c4 dxc4 3. Nf3 Nf6 4. e3 e6 5. Bxc4 c5 6. 0-0 a6 7. Qe2 cxd4 8. exd4 Be7 9. Nc3 0-0 10. Bg5 Nc6 11. Rad1 Nd5 12. Bxe7 Ncxe7 13. Ne5 Nxc3 14. bxc3 Nd5 15. Rc1 Bd7 16. Bb3 Bc6 17. g3 Nf6 18. Rfd1 a5 19. a4 Qe7 20. c4 Rfd8 21. Qa2 Ne4 22. Qc2 Ng5 23. h4 Nf3+ 24. Nxf3 Bxf3 25. Rd2 Rac8 26. Qc3 Qf6 27. Qe3 b6 28. Re1 h5 29. Qg5 Qxg5 30. hxg5 g6 31. Re3 Bb7 32. f4 Ba6 33. Rc3 Rd6 34. Kf2 Rdc6 35. Rdc2 Kg7 36. Ke3 R6c7 37. Rc1 Kf8 38. c5 Ke7 39. Kd2 Rd8 40. Ke3 Rdc8 41. Kd2 Rd8 42. Ke3 Rdc8 1/2-1/2

[Event "Benidorm op U2300 17th"]
[Site "Benidorm"]
[Date "2018.12.01"]
[Round "2"]
[White "Goluch, Piotr"]
[Black "Abalia Patino, Aritz"]
[Result "0-1"]
[WhiteElo "2268"]
[BlackElo "2155"]
[PlyCount "110"]
[EventDate "2018.11.30"]
[EventType "swiss"]
[EventRounds "10"]
[EventCountry "ESP"]
[SourceTitle "EXT 2022"]
[Source "ChessBase"]
[SourceDate "2021.10.06"]
[SourceVersion "1"]
[SourceVersionDate "2021.10.06"]
[SourceQuality "1"]

1. e4 d5 2. exd5 Qxd5 3. Nc3 Qd6 4. d4 Nf6 5. Nf3 c6 6. Ne5 Nbd7 7. f4 Nb6 8. g4 g6 9. g5 Nfd7 10. Bg2 Bg7 11. Be3 0-0 12. 0-0 Nxe5 13. fxe5 Qd8 14. Qe2 Be6 15. b3 f6 16. gxf6 exf6 17. exf6 Rxf6 18. Rfe1 Bf5 19. Rad1 Rd6 20. Qf2 Qd7 21. Ne4 Bxe4 22. Bxe4 Rf8 23. Qd2 Re8 24. Bg2 Bxd4 25. Bxd4 Rxe1+ 26. Rxe1 Rxd4 27. Qe2 Rd2 28. Qe8+ Qxe8 29. Rxe8+ Kf7 30. Rb8 Rd7 31. Kf2 Re7 32. c4 Rc7 33. Ke3 Kf6 34. Bh3 Nd7 35. Rd8 Ne5 36. Rd6+ Kg5 37. Re6 Ng4+ 38. Kf3 Rf7+ 39. Kg3 Nh6 40. Re8 Rc7 41. c5 Rg7 42. b4 Nf5+ 43. Kf2 Rd7 44. Rb8 Rd2+ 45. Kg1 Rd1+ 46. Kf2 Rd2+ 47. Kg1 Nh4 48. Rxb7 Nf3+ 49. Kf1 Nxh2+ 50. Kg1 Kh4 51. Rd7 Nf3+ 52. Kf1 Kxh3 53. Rxd2 Nxd2+ 54. Ke2 Ne4 55. Ke3 Nxc5 0-1

[Event "San Sebastian op 41st"]
[Site "San Sebastian"]
[Date "2018.03.27"]
[Round "5"]
[White "Abalia Patino, Aritz"]
[Black "Prieto Aranguren, Alain"]
[Result "0-1"]
[WhiteElo "2106"]
[BlackElo "2261"]
[PlyCount "132"]
[EventDate "2018.03.24"]
[EventType "swiss"]
[EventRounds "9"]
[EventCountry "ESP"]
[SourceTitle "CBM 183 Extra"]
[Source "ChessBase"]
[SourceDate "2018.04.19"]
[SourceVersion "1"]
[SourceVersionDate "2018.04.19"]
[SourceQuality "1"]

1. Nf3 Nf6 2. d4 g6 3. g3 Bg7 4. Bg2 0-0 5. 0-0 d6 6. a4 a5 7. Re1 Nfd7 8. e4 e5 9. Bg5 f6 10. Be3 Qe7 11. Nc3 c6 12. dxe5 dxe5 13. Qd2 Na6 14. Red1 Nb4 15. Ne2 Nc5 16. Qc3 Ne6 17. Qb3 Kh8 18. c3 Na6 19. Nd2 f5 20. exf5 gxf5 21. f4 Nec5 22. Qa3 exf4 23. Bxc5 Nxc5 24. Nxf4 Qe3+ 25. Kh1 Nd3 26. Nxd3 Qxd3 27. Qe7 f4 28. Ne4 Qc2 29. Rd2 Qb3 30. Nc5 Qg8 31. gxf4 Rxf4 32. Rg1 Rf7 33. Qd6 Bf5 34. Be4 Qc8 35. Rdg2 Bxe4 36. Nxe4 Qf5 37. Ng5 Rd7 38. Qg3 h6 39. Qf3 Qxf3 40. Nxf3 Rf8 41. Rg3 Rf4 42. Re1 Rxa4 43. Re2 Rf4 44. Kg2 Kh7 45. Nd2 a4 46. Ne4 Bf8 47. Rf3 Rxf3 48. Kxf3 Kg6 49. Ng3 Rf7+ 50. Kg4 Re7 51. Rd2 Re6 52. Rd7 b5 53. Nh5 Re4+ 54. Kf3 Rc4 55. Nf4+ Kf6 56. Rd8 Be7 57. Rh8 Kg7 58. Re8 Bd6 59. Ne2 Bxh2 60. Re6 h5 61. Nd4 a3 62. bxa3 Rxc3+ 63. Kg2 c5 64. Nxb5 Rc2+ 65. Kh3 Bf4 66. Re7+ Kf8 0-1

[Event "Euskadi-chT (Vasca) Div 1st"]
[Site "Bergara"]
[Date "2018.01.27"]
[Round "3.2"]
[White "Abalia Patino, Aritz"]
[Black "Zulaika Centeno, Ander"]
[Result "1-0"]
[WhiteElo "2106"]
[BlackElo "2022"]
[PlyCount "93"]
[EventDate "2018.01.13"]
[EventType "team-tourn"]
[EventRounds "9"]
[EventCountry "ESP"]
[SourceTitle "EXT 2020"]
[Source "ChessBase"]
[SourceDate "2019.10.17"]
[SourceVersion "1"]
[SourceVersionDate "2019.10.17"]
[SourceQuality "1"]
[WhiteTeam "Easo Xake Taldea"]
[BlackTeam "Zarautz"]
[WhiteTeamCountry "ESP"]
[BlackTeamCountry "ESP"]

1. Nf3 d5 2. c4 c6 3. e3 Nf6 4. Nc3 e6 5. Qc2 Nbd7 6. b3 Be7 7. Bb2 a6 8. Be2 b5 9. 0-0 0-0 10. cxd5 cxd5 11. Nd4 Bb7 12. Rac1 Rc8 13. Qb1 Nc5 14. b4 Nce4 15. Nxe4 Nxe4 16. Rxc8 Qxc8 17. Rc1 Qd7 18. d3 Nf6 19. Nf3 Qd6 20. Bd4 Qxb4 21. Qxb4 Bxb4 22. Rc7 Bc8 23. Bc5 Bxc5 24. Rxc5 Nd7 25. Rc7 Rd8 26. Nd4 Nb8 27. Kf1 Bd7 28. Ke1 Rc8 29. Rb7 Kf8 30. Nb3 Ke7 31. d4 Kd6 32. Nc5 Kc6 33. Ra7 Kb6 34. Rxd7 Nxd7 35. Nxd7+ Ka5 36. Nc5 Rc6 37. a3 Kb6 38. Kd2 Rc7 39. f4 a5 40. Kc3 f6 41. Kb2 e5 42. Ne6 Re7 43. f5 g6 44. g4 gxf5 45. gxf5 Kc6 46. Kc3 Re8 47. Bxb5+ 1-0

[Event "Euskadi-chT (Vasca) Div 1st"]
[Site "Bergara"]
[Date "2018.01.27"]
[Round "3.2"]
[White "Lauroba Elizaran, Fermin"]
[Black "Abalia Patino, Aritz"]
[Result "1/2-1/2"]
[WhiteElo "1900"]
[BlackElo "2106"]
[PlyCount "43"]
[EventDate "2018.01.13"]
[EventType "team-tourn"]
[EventRounds "9"]
[EventCountry "ESP"]
[SourceTitle "EXT 2020"]
[Source "ChessBase"]
[SourceDate "2019.10.17"]
[SourceVersion "1"]
[SourceVersionDate "2019.10.17"]
[SourceQuality "1"]
[WhiteTeam "Zarautz"]
[BlackTeam "Easo Xake Taldea"]
[WhiteTeamCountry "ESP"]
[BlackTeamCountry "ESP"]

1. e4 e6 2. d4 d5 3. exd5 exd5 4. Bd3 Nc6 5. c3 Bd6 6. Ne2 Qh4 7. g3 Qh5 8. Nf4 Qxd1+ 9. Kxd1 Nge7 10. Re1 Bg4+ 11. Kc2 0-0-0 12. Ng2 Bf5 13. Be3 Bxd3+ 14. Kxd3 Nf5 15. Nd2 h5 16. Bf4 h4 17. Bxd6 Rxd6 18. g4 Nfe7 19. h3 f5 20. g5 f4 21. Nxf4 Rf8 22. Nh5 1/2-1/2

[Event "Euskadi-chT (Vasca) Div 1st"]
[Site "Bergara"]
[Date "2018.01.20"]
[Round "2.4"]
[White "Manso Marquez, Felix"]
[Black "Abalia Patino, Aritz"]
[Result "1/2-1/2"]
[WhiteElo "2120"]
[BlackElo "2106"]
[PlyCount "95"]
[EventDate "2018.01.13"]
[EventType "team-tourn"]
[EventRounds "9"]
[EventCountry "ESP"]
[SourceTitle "EXT 2020"]
[Source "ChessBase"]
[SourceDate "2019.10.17"]
[SourceVersion "1"]
[SourceVersionDate "2019.10.17"]
[SourceQuality "1"]
[WhiteTeam "Urnieta"]
[BlackTeam "Easo Xake Taldea"]
[WhiteTeamCountry "ESP"]
[BlackTeamCountry "ESP"]

1. d4 d5 2. c4 dxc4 3. e3 Nf6 4. Bxc4 e6 5. Nf3 c5 6. 0-0 a6 7. dxc5 Qxd1 8. Rxd1 Bxc5 9. Nc3 b5 10. Be2 Bb7 11. Ne5 Nbd7 12. Nd3 Be7 13. f3 Nc5 14. e4 Nxd3 15. Rxd3 Bc5+ 16. Be3 Bxe3+ 17. Rxe3 e5 18. b4 Ke7 19. a4 Bc6 20. axb5 Bxb5 21. Nxb5 axb5 22. Rea3 Rxa3 23. Rxa3 Rb8 24. Ra5 Ne8 25. Rxb5 Rxb5 26. Bxb5 Nd6 27. Bd3 g5 28. Kf2 Nc8 29. Ke3 f6 30. Kd2 Kd6 31. Kc3 Nb6 32. Kb3 h6 33. Bb5 Kc7 34. Be8 Kd6 35. Ba4 Kc7 36. b5 Kd6 37. Kb4 Nc8 38. Bb3 Nb6 39. Bf7 Nc8 40. Be8 Nb6 41. Ka5 Kc7 42. Kb4 Kd6 43. Kc3 Kc5 44. Kd3 Nc4 45. Ke2 Nd6 46. Bg6 Nxb5 47. Kf2 Kd6 48. Be8 1/2-1/2

[Event "Euskadi-ch"]
[Site "Zornotza"]
[Date "2017.04.23"]
[Round "7"]
[White "Abalia Patino, Aritz"]
[Black "Del Rio de Angelis, Salvador Gabriel"]
[Result "0-1"]
[WhiteElo "2032"]
[BlackElo "2524"]
[PlyCount "54"]
[EventDate "2017.04.17"]
[EventType "swiss"]
[EventRounds "7"]
[EventCountry "ESP"]
[SourceTitle "EXT 2018"]
[Source "ChessBase"]
[SourceDate "2017.10.13"]
[SourceVersion "1"]
[SourceVersionDate "2017.10.13"]
[SourceQuality "1"]

1. e4 e6 2. d4 d5 3. Bd3 dxe4 4. Bxe4 Nf6 5. Bf3 c5 6. Ne2 Nc6 7. Be3 Be7 8. dxc5 Qxd1+ 9. Kxd1 Ne5 10. Nd2 0-0 11. Bd4 Nxf3 12. Nxf3 Ne4 13. b4 Rd8 14. Kc1 a5 15. c3 axb4 16. cxb4 b6 17. cxb6 Bxb4 18. a4 Ba6 19. Ng3 Rac8+ 20. Kb2 Nd2 21. Be5 Nc4+ 22. Kb3 Ba5 23. Rhd1 Bxb6 24. Rac1 Rxd1 25. Rxd1 Bxf2 26. Bc3 Ne3 27. Rd7 Rb8+ 0-1

[Event "Euskadi-ch"]
[Site "Zornotza"]
[Date "2017.04.22"]
[Round "6"]
[White "Perez Pacheco, Ricardo"]
[Black "Abalia Patino, Aritz"]
[Result "0-1"]
[WhiteElo "2177"]
[BlackElo "2032"]
[PlyCount "54"]
[EventDate "2017.04.17"]
[EventType "swiss"]
[EventRounds "7"]
[EventCountry "ESP"]
[SourceTitle "CBM 178 Extra"]
[Source "ChessBase"]
[SourceDate "2017.06.22"]
[SourceVersion "1"]
[SourceVersionDate "2017.06.22"]
[SourceQuality "1"]

1. e4 c5 2. Nf3 e6 3. d4 cxd4 4. Nxd4 Nf6 5. Nc3 Nc6 6. Ndb5 Bb4 7. a3 Bxc3+ 8. Nxc3 d5 9. exd5 exd5 10. Bd3 0-0 11. 0-0 Bg4 12. f3 Bh5 13. Qe2 Re8 14. Qf2 Ne5 15. Bg5 Re6 16. Rad1 Qd6 17. Bf4 Nxf3+ 18. Qxf3 Bxf3 19. Bxd6 Bxd1 20. Bg3 Bxc2 21. Rc1 Bb3 22. Ne2 Bc4 23. Bxc4 dxc4 24. Nd4 Re4 25. Rxc4 Rd8 26. Bf2 Ng4 27. Nc6 Rd1+ 0-1

[Event "Euskadi-ch"]
[Site "Zornotza"]
[Date "2017.04.17"]
[Round "1"]
[White "Marchena Hurtado, Javier"]
[Black "Abalia Patino, Aritz"]
[Result "1-0"]
[WhiteElo "2352"]
[BlackElo "2032"]
[PlyCount "47"]
[EventDate "2017.04.17"]
[EventType "swiss"]
[EventRounds "7"]
[EventCountry "ESP"]
[SourceTitle "CBM 178 Extra"]
[Source "ChessBase"]
[SourceDate "2017.06.22"]
[SourceVersion "1"]
[SourceVersionDate "2017.06.22"]
[SourceQuality "1"]

1. e4 c5 2. Nf3 e6 3. d4 cxd4 4. Nxd4 a6 5. Bd3 Bc5 6. Nb3 Be7 7. Qg4 g6 8. Qe2 d6 9. 0-0 h5 10. Nc3 Nf6 11. f4 Nc6 12. f5 Ne5 13. a4 Nfg4 14. fxe6 Bxe6 15. Kh1 Bh4 16. Nd4 Nxh2 17. Kxh2 Ng4+ 18. Kg1 Bg3 19. Nd5 0-0 20. Bf4 Bxf4 21. Rxf4 Qh4 22. Nf3 Qg3 23. Qe1 Qxe1+ 24. Rxe1 1-0

[Event "Euskadi-chT (Vasca) Div 1st"]
[Site "Bergara"]
[Date "2017.02.04"]
[Round "4.1"]
[White "Gallastegui de la Fuente, Igor"]
[Black "Abalia Patino, Aritz"]
[Result "1-0"]
[WhiteElo "1769"]
[BlackElo "2034"]
[PlyCount "41"]
[EventDate "2017.01.14"]
[EventType "team-tourn"]
[EventRounds "9"]
[EventCountry "ESP"]
[SourceTitle "EXT 2024"]
[Source "ChessBase"]
[SourceDate "2023.10.10"]
[SourceVersion "1"]
[SourceVersionDate "2023.10.10"]
[SourceQuality "1"]

1. e4 c5 2. Nf3 e6 3. d4 cxd4 4. c3 dxc3 5. Nxc3 Nc6 6. Bc4 Qc7 7. 0-0 Nf6 8. Nb5 Qb8 9. e5 Nxe5 10. Nxe5 Qxe5 11. Re1 Qb8 12. Qd4 d6 13. Bf4 e5 14. Rxe5+ Be6 15. Rxe6+ fxe6 16. Bxe6 Be7 17. Rc1 Kd8 18. Nxd6 Rf8 19. Nxb7+ Ke8 20. Qa4+ Nd7 21. Qxd7# 1-0

[Event "Euskadi-chT (Vasca) Div 1st"]
[Site "Bergara"]
[Date "2017.01.28"]
[Round "3.5"]
[White "Abalia Patino, Aritz"]
[Black "Zubizarreta Riego, Mikel"]
[Result "1/2-1/2"]
[WhiteElo "2034"]
[BlackElo "1925"]
[PlyCount "105"]
[EventDate "2017.01.14"]
[EventType "team-tourn"]
[EventRounds "9"]
[EventCountry "ESP"]
[SourceTitle "EXT 2024"]
[Source "ChessBase"]
[SourceDate "2023.10.10"]
[SourceVersion "1"]
[SourceVersionDate "2023.10.10"]
[SourceQuality "1"]

1. e4 c5 2. Nf3 e6 3. d4 cxd4 4. Nxd4 a6 5. Bd3 Nf6 6. 0-0 Qc7 7. c4 Nc6 8. Nxc6 dxc6 9. Qe2 e5 10. Bg5 Bg4 11. f3 Bc5+ 12. Kh1 Be6 13. Nc3 Nh5 14. Rac1 h6 15. Bd2 g5 16. b4 Bxb4 17. Nd5 Bxd5 18. cxd5 Bxd2 19. Qxd2 0-0 20. dxc6 bxc6 21. Rc5 Qd6 22. Qc3 Nf4 23. Bc2 Qd4 24. Rxc6 Qxc3 25. Rxc3 Rfc8 26. Rxc8+ Rxc8 27. Bb3 Kf8 28. g3 Ne2 29. Rf2 Nd4 30. Bd5 Ke7 31. Kg2 Rb8 32. f4 exf4 33. gxf4 f6 34. f5 Kd6 35. Kg3 h5 36. h4 Rb1 37. hxg5 Rg1+ 38. Kh3 Rxg5 39. Rb2 Nxf5 40. Rb6+ Ke5 41. Re6+ Kd4 42. Rxf6 Ne3 43. Bb7 a5 44. Rd6+ Kc5 45. Re6 Kb4 46. Kh4 Rc5 47. e5 Ka3 48. Kxh5 Kxa2 49. Kg6 Nc4 50. Kf6 Nxe5 51. Rxe5 Rxe5 52. Kxe5 Kb2 53. Bc6 1/2-1/2

[Event "Gipuzkoa-ch Primera"]
[Site "Bergara"]
[Date "2016.11.12"]
[Round "5"]
[White "Abalia Patino, Aritz"]
[Black "Uriarte Prieto, Goyo"]
[Result "0-1"]
[WhiteElo "2015"]
[BlackElo "1988"]
[PlyCount "84"]
[EventDate "2016.10.15"]
[EventType "swiss"]
[EventRounds "7"]
[EventCountry "ESP"]
[SourceTitle "EXT 2024"]
[Source "ChessBase"]
[SourceDate "2023.10.10"]
[SourceVersion "1"]
[SourceVersionDate "2023.10.10"]
[SourceQuality "1"]

1. e4 e6 2. d4 d5 3. Nc3 Bb4 4. Nge2 Nf6 5. Bg5 h6 6. Bxf6 Qxf6 7. a3 Bxc3+ 8. Nxc3 dxe4 9. Nxe4 Qe7 10. Qd3 b6 11. Qf3 c6 12. 0-0-0 Bb7 13. Qg3 0-0 14. Nd6 Ba6 15. Bxa6 Nxa6 16. Nc4 b5 17. Qd6 Qxd6 18. Nxd6 Nc7 19. b3 a5 20. Rd3 Nd5 21. c4 Nf4 22. Re3 Rad8 23. c5 Rd7 24. Kc2 Rb8 25. Re4 Nd5 26. f4 Nf6 27. Re2 Ne8 28. Nxe8 Rxe8 29. Rd1 Kf8 30. Kd3 Red8 31. Ke3 Rd5 32. g4 Rxc5 33. Red2 Rcd5 34. Rc1 R8d6 35. h4 f6 36. a4 bxa4 37. bxa4 e5 38. fxe5 fxe5 39. dxe5 Rxe5+ 40. Kf4 Rde6 41. Rxc6 g5+ 42. hxg5 hxg5+ 0-1

[Event "Gipuzkoa-ch Primera"]
[Site "Bergara"]
[Date "2016.10.29"]
[Round "3"]
[White "Abalia Patino, Aritz"]
[Black "Fernandez Zubitur, Jokin"]
[Result "0-1"]
[WhiteElo "2015"]
[BlackElo "2003"]
[PlyCount "88"]
[EventDate "2016.10.15"]
[EventType "swiss"]
[EventRounds "7"]
[EventCountry "ESP"]
[SourceTitle "EXT 2024"]
[Source "ChessBase"]
[SourceDate "2023.10.10"]
[SourceVersion "1"]
[SourceVersionDate "2023.10.10"]
[SourceQuality "1"]

1. e4 e5 2. Nf3 Nc6 3. Bb5 a6 4. Ba4 Nf6 5. 0-0 Be7 6. Re1 b5 7. Bb3 d6 8. c3 0-0 9. h3 Na5 10. Bc2 c5 11. d4 Qc7 12. Nbd2 cxd4 13. cxd4 Bb7 14. d5 Bc8 15. Nf1 Bd7 16. Ne3 Rac8 17. Bd2 Nc4 18. Nxc4 Qxc4 19. Bb3 Qc7 20. a4 bxa4 21. Bxa4 Qb7 22. Bc3 Rc4 23. Nd2 Rxa4 24. Rxa4 Bxa4 25. Qxa4 Nd7 26. Nb3 Rb8 27. Na5 Nc5 28. Qd1 Qb5 29. Nc6 Rb7 30. Qg4 Bf8 31. b4 Nd3 32. Re3 Nf4 33. g3 Ng6 34. Qf3 Qb6 35. Qe2 Ne7 36. Na5 Rc7 37. Qb2 g6 38. Qb3 Qb5 39. Bd2 Bh6 40. f4 exf4 41. Re1 Qb6+ 42. Kh1 Qf2 43. Qa4 fxg3 44. Qe8+ Bf8 0-1

[Event "San Sebastian Gros op 26th"]
[Site "San Sebastian"]
[Date "2016.07.01"]
[Round "9"]
[White "Calvo Simon, Jorge"]
[Black "Abalia Patino, Aritz"]
[Result "1-0"]
[WhiteElo "2103"]
[BlackElo "1920"]
[PlyCount "105"]
[EventDate "2016.06.24"]
[EventType "swiss"]
[EventRounds "9"]
[EventCountry "ESP"]
[SourceTitle "EXT 2017"]
[Source "ChessBase"]
[SourceDate "2016.10.25"]
[SourceVersion "1"]
[SourceVersionDate "2016.10.25"]
[SourceQuality "1"]

1. e4 c5 2. Nf3 e6 3. d4 cxd4 4. Nxd4 a6 5. c4 Nf6 6. Nc3 Bb4 7. Qd3 d5 8. exd5 exd5 9. Be2 0-0 10. 0-0 Bxc3 11. Qxc3 dxc4 12. Bf3 Bg4 13. Bxg4 Nxg4 14. Qxc4 Ne5 15. Qc3 Nbc6 16. Nxc6 Nxc6 17. Be3 Qa5 18. Qb3 Qb4 19. Qxb4 Nxb4 20. Bc5 Nc2 21. Rac1 Rfc8 22. Rxc2 b6 23. Rfc1 bxc5 24. Rxc5 Rxc5 25. Rxc5 Rb8 26. b4 Kf8 27. a3 Rb6 28. g3 Ke7 29. Kg2 Rd6 30. Ra5 Rb6 31. Kf3 h6 32. Re5+ Kd6 33. Ke4 g6 34. g4 f6 35. Rd5+ Ke6 36. f4 Rc6 37. f5+ gxf5+ 38. gxf5+ Ke7 39. Rc5 Rd6 40. Rc7+ Kf8 41. Rh7 Rd1 42. Rxh6 Re1+ 43. Kd4 Kg7 44. Rh3 Rd1+ 45. Kc5 Rf1 46. Kb6 Rxf5 47. Kxa6 Rf4 48. b5 Ra4+ 49. Kb7 f5 50. b6 f4 51. Kc6 Rc4+ 52. Kb5 Rc1 53. Rb3 1-0

[Event "Benidorm New Generation U18 11th"]
[Site "Benidorm"]
[Date "2015.12.07"]
[Round "6.3"]
[White "Gonzalvez Tamarit, Ruben"]
[Black "Abalia Patino, Aritz"]
[Result "1/2-1/2"]
[WhiteElo "1958"]
[BlackElo "1986"]
[PlyCount "109"]
[EventDate "2015.12.04"]
[EventType "swiss"]
[EventRounds "7"]
[EventCountry "ESP"]
[SourceTitle "EXT 2024"]
[Source "ChessBase"]
[SourceDate "2023.10.10"]
[SourceVersion "1"]
[SourceVersionDate "2023.10.10"]
[SourceQuality "1"]

1. e4 c5 2. Nf3 e6 3. d4 cxd4 4. Nxd4 Nc6 5. c4 Nf6 6. Nc3 Bb4 7. Nxc6 bxc6 8. Qc2 Qa5 9. Bd2 d5 10. cxd5 cxd5 11. exd5 Bxc3 12. Bxc3 Qxd5 13. Rd1 Qe4+ 14. Qxe4 Nxe4 15. Bb4 Bd7 16. Bd3 Nf6 17. 0-0 Nd5 18. Ba3 a5 19. Be4 Bc6 20. Rc1 Kd7 21. Rc5 Rhc8 22. Rfc1 f5 23. Bf3 Bb7 24. h3 Rxc5 25. Rxc5 Bc6 26. Kf1 Ne7 27. Be2 Nd5 28. Bb5 Bxb5+ 29. Rxb5 Kc6 30. Rc5+ Kb6 31. Rc2 Nb4 32. Re2 Re8 33. Bxb4 axb4 34. b3 e5 35. Ke1 g5 36. Rc2 Re7 37. g4 h5 38. gxf5 Rf7 39. Re2 Rxf5 40. Kd2 Kc5 41. Ke3 Rf4 42. Rc2+ Kd5 43. Ke2 Rh4 44. Rd2+ Rd4 45. Rc2 Re4+ 46. Kf3 Rf4+ 47. Ke2 Ke6 48. Rc4 Rd4 49. Kf3 Kd5 50. Rc8 Rd3+ 51. Kg2 Ke4 52. Rh8 h4 53. Rg8 Kf5 54. Rf8+ Ke4 55. Rg8 1/2-1/2

[Event "Benidorm New Generation U18 11th"]
[Site "Benidorm"]
[Date "2015.12.06"]
[Round "3.5"]
[White "Abalia Patino, Aritz"]
[Black "Llados Clos, Jaume"]
[Result "1/2-1/2"]
[WhiteElo "1986"]
[BlackElo "1644"]
[PlyCount "147"]
[EventDate "2015.12.04"]
[EventType "swiss"]
[EventRounds "7"]
[EventCountry "ESP"]
[SourceTitle "EXT 2024"]
[Source "ChessBase"]
[SourceDate "2023.10.10"]
[SourceVersion "1"]
[SourceVersionDate "2023.10.10"]
[SourceQuality "1"]

1. e4 Nf6 2. e5 Nd5 3. d4 d6 4. c4 Nb6 5. exd6 exd6 6. Nf3 Be7 7. Bd3 Bg4 8. Bd2 Nc6 9. Bc3 Bf6 10. Qe2+ Qe7 11. Qxe7+ Bxe7 12. Nbd2 0-0 13. d5 Nb8 14. 0-0 N8d7 15. Rfe1 Rfe8 16. b4 Bf6 17. Bxf6 Nxf6 18. Nd4 a6 19. h3 Bd7 20. N2b3 Rad8 21. Na5 Bc8 22. Bf5 Kf8 23. Kf1 g6 24. Bxc8 Rxc8 25. Ndb3 Nfd7 26. f4 Nf6 27. g4 Ne4 28. Rac1 Rb8 29. Kg2 Nf6 30. Kg3 Re7 31. Nd4 Ree8 32. Rxe8+ Kxe8 33. f5 Nbd7 34. Kf4 Kf8 35. Re1 Ne5 36. Re3 Ned7 37. fxg6 hxg6 38. Kg5 Kg7 39. Re7 Kf8 40. Re1 Kg7 41. h4 Ne5 42. Rg1 Re8 43. h5 Nh7+ 44. Kf4 Nf6 45. h6+ Kh7 46. Nf3 Nd3+ 47. Kg3 Ne4+ 48. Kh2 Kxh6 49. g5+ Kg7 50. Rg4 Nxb4 51. Nxb7 Nxa2 52. Nd4 Nb4 53. Ne6+ fxe6 54. Rxe4 e5 55. c5 dxc5 56. Nxc5 Nxd5 57. Nxa6 Kf7 58. Nc5 Nb6 59. Rh4 Kg7 60. Kg3 Re7 61. Re4 Nc8 62. Nd3 Nd6 63. Rxe5 Rxe5 64. Nxe5 c5 65. Kf3 Nf7 66. Ng4 Nxg5+ 67. Kf4 Ne6+ 68. Ke5 Kf7 69. Nh6+ Ke7 70. Ng8+ Kf7 71. Nh6+ Kg7 72. Ng4 g5 73. Kxe6 c4 74. Kd5 1/2-1/2